Engineering in Rocks for Spoles, Fundations and Tunnels / (Record no. 36619)
[ view plain ]
| 000 -LEADER | |
|---|---|
| fixed length control field | 00512nam a22001817a 4500 |
| 005 - DATE AND TIME OF LATEST TRANSACTION | |
| control field | 20241010121249.0 |
| 008 - FIXED-LENGTH DATA ELEMENTS--GENERAL INFORMATION | |
| fixed length control field | 241003b |||||||| |||| 00| 0 eng d |
| 020 ## - INTERNATIONAL STANDARD BOOK NUMBER | |
| ISBN | 9788120348790 |
| 082 ## - DEWEY DECIMAL CLASSIFICATION NUMBER | |
| Classification number | 624.151 |
| Item number | RAM-E |
| 100 ## - MAIN ENTRY--AUTHOR | |
| Author Name | Ramamurthy, T |
| 245 ## - TITLE STATEMENT | |
| Title | Engineering in Rocks for Spoles, Fundations and Tunnels / |
| Statement of responsibility, etc. | T. Ramamurthy. |
| 250 ## - EDITION STATEMENT | |
| Edition statement | 3rd ed. |
| 260 ## - PUBLICATION, DISTRIBUTION, ETC. | |
| Place of Publication | India : |
| Name of publisher, distributor, etc. | Jaypee ; |
| Date of publication, distribution, etc. | 2014 . |
| 300 ## - PHYSICAL DESCRIPTION | |
| Pages | 757p. : |
| 500 ## - GENERAL NOTE | |
| General note | Include Index. |
| 650 ## - SUBJECT ADDED ENTRY--TOPICAL TERM | |
| Subject / Department | Civil / Engineering |
| 300 ## - PHYSICAL DESCRIPTION | |
| -- | ill ; |
| -- | 24 cm. |
| 952 ## - LOCATION AND ITEM INFORMATION (KOHA) | |
| -- | 0 |
| -- | 0 |
| Lost status | Damaged status | Collection code | Permanent Location | Current Location | Shelving Location | Date acquired | Full Call Number | Accession No./Barcode | Date last seen | item type | Koha item type |
|---|---|---|---|---|---|---|---|---|---|---|---|
| Engineering | Superior Information Resource Center (SIRC) Superior University- Main Campus | Superior Information Resource Center (SIRC) Superior University- Main Campus | Civil | 10/03/2024 | 624.151 RAM-E 2014 | 29448 | 10/03/2024 | BOOK | BOOK |
